| 000 | 00434nam a22001217a 4500 | ||
|---|---|---|---|
| 082 | _aPRO 220 | ||
| 100 |
_aNS Ali Ahmad NS Asaad Irfan NS Hammad Asif NS Fajar Javed NS Zarqash Ahmed NS Muhammad Hassaan _970746 |
||
| 245 | _aPR-SOF-1505-INTELLIGENT DRIVING SYSTEM IDRIS I-II | ||
| 260 |
_aISLAMABAD _bNUST COLLEGE OF EME _c2016 |
||
| 650 |
_a DE-MTS-34 _970747 |
||
| 700 |
_aSUPERVISOR Dr. Kunwar Faraz Ahmed Khan _970748 |
||
| 942 | _cCR | ||
| 999 |
_c577641 _d577641 |
||